Statistics for Geography by Letter on the World Map - K

Click here to take the quiz!

General Stats

  • This quiz has been taken 16,895 times
    (11,882 since last reset)
  • The average score is 12 of 20

Answers on the Map

Answers color-coded by a green-red scale on the quiz's map according to % correct below.
 

Answer Stats

Answer% Correct
Kansas
97%
Kazakhstan
97%
Kenya
96%
Kentucky
95%
Korea
95%
Mt. Kilimanjaro
74%
Kinshasa
71%
Krakow
66%
Kaliningrad Oblast
62%
Kalahari
61%
K2
58%
Kiribati
56%
Kurdistan
55%
Kamchatka
53%
Kashmir
44%
Kyushu
37%
Karelia
26%
Kara Sea
24%
Krakatoa
21%
Kattegat
19%

Score Distribution

Percentile by Number Answered

Percent of People with Each Score

Your Score History

You have not taken this quiz since the last reset